000 00907nam a2200265 a 4500
001 BRCA_7547
005 20190320205901.0
008 010613s1946----u--a######---#000-0#eng-#
041 _aeng
044 _au
050 4 _aNE42
_b.M66 1946
100 1 _aMongan, Elizabeth
_918612
245 1 0 _aSelections from the Rosenwald collection, National Gallery of Art
_cElizabeth Mongan ; foreword by Lessing J. Rosenwald.
260 _aWashington, D. C.
_bNational Gallery of Art
_c1946
300 _a142 p.
_bil., láminas
_c30 cm.
500 _aS23
650 1 4 _aGrabados
_vExposiciones
_918613
650 1 4 _aGalerías y museos
_zEstados Unidos
_97437
650 1 4 _aColeccionistas y colecciones
_918614
650 1 4 _aGrabados
_xColeccionistas y colecciones
_97355
700 1 _aRosenwald, Lessing Julius
_918615
710 2 _aNational Gallery of Art (Estados Unidos)
_911067
902 _aGFM
942 _2lcc
_cB
999 _c7221
_d7221